[Event "St Petersburg RUS, Chigorin Mem 2016 "]
[Site "St Petersburg RUS"]
[Date "2016.10.16"]
[Round "2.78"]
[White "Tsoi, Dmitry"]
[Black "Aguera Naredo, Javier"]
[Result "1/2-1/2"]
[WhiteElo "2160"]
[BlackElo "2367"]
[PlyCount "108"]
[EventDate "2016.10.15"]
[EventType "swiss"]
[EventRounds "9"]
[EventCountry "RUS"]
[SourceTitle "OM OTB B 201907"]
[Source "Opening Master"]
[SourceDate "2019.07.06"]
[SourceVersion "2"]
[SourceVersionDate "2019.07.06"]
[SourceQuality "1"]

1. e4 c5 2. Nf3 Nc6 3. d4 cxd4 4. Nxd4 Nf6 5. Nc3 d6 6. Be2 e5 7. Nb3 Be7 8.
Be3 O-O 9. f3 b6 10. Nd5 Nxd5 11. exd5 Nb8 12. a4 a5 13. Nd2 Nd7 14. Bb5 Nc5
15. c3 Bb7 16. Nc4 Ba6 17. Bxa6 Rxa6 18. b4 Nd7 19. O-O Qc7 20. Qe2 Raa8 21.
Rfc1 Qb7 22. Qd3 Qa6 23. Nb2 Qxd3 24. Nxd3 Rfc8 25. c4 f5 26. c5 bxc5 27. bxc5
dxc5 28. f4 Bf6 29. fxe5 Nxe5 30. Nxe5 Bxe5 31. Rab1 c4 32. Rb6 f4 33. Re6 Re8
34. Rxe8+ Rxe8 35. Bd2 Rc8 36. Bxa5 c3 37. d6 Bxd6 38. Rxc3 Ra8 39. Bc7 Rc8 40.
Ba5 Ra8 41. Bc7 Bxc7 42. Rxc7 Rxa4 43. Kf2 Ra3 44. Rc4 g5 45. h4 h6 46. hxg5
hxg5 47. Rc5 Rg3 48. Rc7 Kf8 49. Ra7 Ke8 50. Rb7 Re3 51. Rb5 g4 52. Rb4 g3+ 53.
Kf1 f3 54. gxf3 Rxf3+ 1/2-1/2

[Event "St Petersburg RUS, Chigorin Mem 2016 "]
[Site "St Petersburg RUS"]
[Date "2016.10.15"]
[Round "1.12"]
[White "Chibukhchyan, Erik"]
[Black "Jumabayev, Rinat"]
[Result "1/2-1/2"]
[WhiteElo "2135"]
[BlackElo "2609"]
[PlyCount "136"]
[EventDate "2016.10.15"]
[EventType "swiss"]
[EventRounds "9"]
[EventCountry "RUS"]
[SourceTitle "OM OTB B 201907"]
[Source "Opening Master"]
[SourceDate "2019.07.06"]
[SourceVersion "2"]
[SourceVersionDate "2019.07.06"]
[SourceQuality "1"]

1. e4 c5 2. Nf3 Nc6 3. d4 cxd4 4. Nxd4 Nf6 5. Nc3 d6 6. Be2 e5 7. Nf3 h6 8. O-O
Be7 9. h3 Be6 10. Re1 O-O 11. Bf1 a5 12. b3 Rc8 13. Bb2 Nb4 14. Nd2 Na6 15. Nc4
Nc5 16. a4 Re8 17. Qf3 Bxc4 18. Bxc4 Ne6 19. Nb5 Qb6 20. Rad1 Nc5 21. Nc3 Ne6
22. Nb5 Nc5 23. Nc3 Rf8 24. Ba3 g6 25. Bxc5 Rxc5 26. Qe3 Kg7 27. Nd5 Nxd5 28.
Rxd5 Bg5 29. Qd3 Rxd5 30. Qxd5 Bh4 31. Re2 Bg5 32. g3 Bc1 33. h4 h5 34. Kg2 Qc7
35. Re1 Ba3 36. Re3 Bc5 37. Rf3 Qe7 38. Kf1 f5 39. exf5 gxf5 40. Qe6 Qxe6 41.
Bxe6 Kg6 42. Bd5 b6 43. Kg2 Re8 44. Rd3 e4 45. Rd2 Bb4 46. Re2 Kf6 47. f3 e3
48. f4 Bd2 49. c4 Re7 50. Kf3 Kg7 51. Kg2 Kg6 52. Kf3 Kf6 53. Kg2 Rg7 54. Bf3
Rh7 55. Bd5 Ke7 56. Kf3 Kd7 57. Rg2 Ke7 58. Ke2 Kf6 59. Kf3 Rh8 60. Ke2 Re8 61.
Bc6 Re7 62. Bd5 Bc3 63. Rg1 Bd4 64. Rd1 Bc5 65. Rg1 Rg7 66. Rg2 Ke7 67. Rg1 Kd7
68. Rg2 Ke7 1/2-1/2

[Event "KOS-ch final"]
[Site "Pristina"]
[Date "2016.10.09"]
[Round "4"]
[White "Makolli, Perparim"]
[Black "Sadiku, Bedri"]
[Result "1-0"]
[WhiteElo "2286"]
[BlackElo "2187"]
[PlyCount "117"]
[EventDate "2016.10.01"]
[EventType "tourn"]
[EventRounds "9"]
[EventCountry "KOS"]
[SourceTitle "OM OTB B 201907"]
[Source "Opening Master"]
[SourceDate "2019.07.06"]
[SourceVersion "2"]
[SourceVersionDate "2019.07.06"]
[SourceQuality "1"]

1. e4 c5 2. Nf3 d6 3. d4 cxd4 4. Nxd4 Nf6 5. Nc3 Nc6 6. Be2 e5 7. Nb3 Be6 8. f4
exf4 9. Bxf4 a6 10. Qd2 Qc7 11. O-O-O Rd8 12. Nd5 Bxd5 13. exd5 Ne5 14. g4 Be7
15. g5 Nfd7 16. Nd4 O-O 17. Nf5 Rfe8 18. h4 Bf8 19. h5 Rc8 20. Kb1 Nc5 21. Ng3
Na4 22. Bxe5 Rxe5 23. c4 Qe7 24. g6 Nc5 25. gxf7+ Kh8 26. Bg4 Rc7 27. Rhf1 Ne4
28. Nxe4 Rxe4 29. Be6 Rcxc4 30. h6 g5 31. b3 Rc5 32. Qb2+ Re5 33. Rde1 Qf6 34.
Rd1 Qxh6 35. Rf5 Qg6 36. Ka1 Kg7 37. Rxe5 dxe5 38. Qxe5+ Qf6 39. Qxf6+ Kxf6 40.
d6 Kxe6 41. d7 Rc1+ 42. Rxc1 Kxd7 43. Re1 Be7 44. Rh1 Bf8 45. Rxh7 Ke6 46. Kb1
Kf6 47. Kc2 Kg6 48. Rh1 Kxf7 49. Kd3 Kg6 50. Ke4 b6 51. Rd1 Bc5 52. Rd8 a5 53.
Rc8 Bf2 54. Rg8+ Kh6 55. Kf5 Be3 56. Rh8+ Kg7 57. Re8 Bc5 58. Kxg5 Kf7 59. Re5
1-0

[Event "LUX-chT 2016/17"]
[Site "Luxemburg"]
[Date "2016.10.09"]
[Round "2"]
[White "Roller, Paul"]
[Black "Osieka, Udo"]
[Result "0-1"]
[WhiteElo "1776"]
[BlackElo "2269"]
[PlyCount "106"]
[EventDate "2016.09.25"]
[EventType "team-tourn"]
[EventRounds "10"]
[EventCountry "LUX"]
[SourceTitle "OM OTB B 201907"]
[Source "Opening Master"]
[SourceDate "2019.07.06"]
[SourceVersion "2"]
[SourceVersionDate "2019.07.06"]
[SourceQuality "1"]

1. e4 c5 2. Nf3 Nc6 3. d4 cxd4 4. Nxd4 Nf6 5. Nc3 d6 6. Be2 e5 7. Nb3 Be7 8.
Be3 O-O 9. O-O a5 10. a4 Be6 11. Qd2 Nb4 12. Rad1 Rc8 13. Bf3 Re8 14. Na1 Bf8
15. Bg5 h6 16. Bxf6 Qxf6 17. Nb5 Red8 18. Nc3 g6 19. Qe3 h5 20. Qb6 Nc6 21. Nd5
Qg5 22. c3 Rd7 23. Nc2 Qd8 24. Qxd8 Rdxd8 25. Nce3 Bh6 26. Rfe1 Bxe3 27. Rxe3
Bxd5 28. Rxd5 Kf8 29. Red3 Ke7 30. Rd1 b6 31. g3 Na7 32. Be2 Rc5 33. h4 Rxd5
34. Rxd5 Rc8 35. Kg2 Nc6 36. Kf3 Nb8 37. Bb5 Nd7 38. Bxd7 Kxd7 39. Rd3 f5 40.
b3 Rf8 41. Rd2 Rc8 42. Rd3 Rc5 43. Ke3 Ke6 44. f3 b5 45. axb5 Rxb5 46. c4 Rb4
47. Rc3 Kd7 48. Kd2 Kc6 49. Kc2 a4 50. bxa4 Rxa4 51. Kb2 Kc5 52. Rb3 fxe4 53.
fxe4 Rb4 0-1

[Event "Villa Martelli ARG, Team Ch 2016"]
[Site "Villa Martelli ARG"]
[Date "2016.10.08"]
[Round "3.3"]
[White "Sosa, Tomas"]
[Black "Demaria, Juan Pablo"]
[Result "1-0"]
[WhiteElo "2422"]
[BlackElo "2261"]
[PlyCount "117"]
[EventDate "2016.09.24"]
[EventType "team-swiss"]
[EventRounds "9"]
[EventCountry "ARG"]
[SourceTitle "OM OTB B 201907"]
[Source "Opening Master"]
[SourceDate "2019.07.06"]
[SourceVersion "2"]
[SourceVersionDate "2019.07.06"]
[SourceQuality "1"]
[WhiteTeam "Untref Ajedrez"]
[BlackTeam "Centro Univ. Vicente Lopez"]

1. e4 c5 2. Nf3 d6 3. d4 cxd4 4. Nxd4 Nf6 5. Nc3 Nc6 6. Be2 e5 7. Nf3 h6 8. O-O
Be7 9. Re1 O-O 10. Bf1 Be6 11. Nd5 Bxd5 12. exd5 Nb4 13. c4 a5 14. Bd2 Na6 15.
Bc3 Nc5 16. Nd2 Nfd7 17. b3 f5 18. a3 Nf6 19. Qc2 Qd7 20. b4 Na4 21. Rac1 Kh8
22. Ba1 axb4 23. axb4 b5 24. Qb3 bxc4 25. Nxc4 Bd8 26. Na3 Nb6 27. Nb5 Ne4 28.
Rc6 Rf6 29. Qd3 Qf7 30. f3 Nxd5 31. fxe4 Nxb4 32. Qc4 Nxc6 33. Qxc6 Rb8 34. Bc4
Qf8 35. exf5 Rc8 36. Qd5 Rc5 37. Qd3 Be7 38. Be6 g6 39. g4 Qb8 40. Nc3 Qb4 41.
h3 Kg7 42. Rb1 Qa3 43. Bb2 Qa7 44. Kh2 Rf8 45. Ne4 Rc6 46. Bc3 Rb6 47. Ra1 Qb7
48. Bd5 Qd7 49. Qe3 Qc7 50. Rf1 Rb5 51. Qd3 Rbb8 52. Qf3 Qd8 53. Rf2 Rb1 54.
Ba2 Rb5 55. Qd3 Rb7 56. Qd5 Ra7 57. Bc4 Qd7 58. f6+ Bxf6 59. Rxf6 1-0

[Event "KOS-ch final"]
[Site "Pristina"]
[Date "2016.10.08"]
[Round "3"]
[White "Aliu, Besnik"]
[Black "Budima, Armend"]
[Result "1-0"]
[WhiteElo "2114"]
[BlackElo "2191"]
[PlyCount "97"]
[EventDate "2016.10.01"]
[EventType "tourn"]
[EventRounds "9"]
[EventCountry "KOS"]
[SourceTitle "OM OTB B 201907"]
[Source "Opening Master"]
[SourceDate "2019.07.06"]
[SourceVersion "2"]
[SourceVersionDate "2019.07.06"]
[SourceQuality "1"]

1. e4 c5 2. Nf3 d6 3. d4 cxd4 4. Nxd4 Nf6 5. Nc3 Nc6 6. Be2 e5 7. Ndb5 a6 8.
Na3 b5 9. Nd5 Nxd5 10. exd5 Nd4 11. Be3 Nf5 12. Qd2 Nxe3 13. Qxe3 Be7 14. c4
Qa5+ 15. Qd2 Qxd2+ 16. Kxd2 bxc4 17. Nxc4 Bb7 18. Rhd1 Rc8 19. Ke1 Rc5 20. Nb6
Bd8 21. b4 Rc2 22. Nc4 Ke7 23. Bd3 Rc3 24. Kd2 Rxd3+ 25. Kxd3 Bxd5 26. Ne3 Bb7
27. a4 Ke6 28. b5 f5 29. Kc4 Ba5 30. Rac1 f4 31. Nc2 Rc8+ 32. Kb3 Rc3+ 33. Kb2
axb5 34. axb5 d5 35. Ra1 Rxc2+ 36. Kxc2 Bb6 37. Ra6 Bxa6 38. bxa6 Bxf2 39. Ra1
Ba7 40. Rb1 e4 41. Kd2 Be3+ 42. Kc2 d4 43. Rb6+ Ke5 44. a7 d3+ 45. Kd1 Bxb6 46.
a8=Q Bd4 47. Qe8+ Kd5 48. Qf7+ Kc5 49. Qxf4 1-0

[Event "FICS rated standard game"]
[Site "FICS freechess.org"]
[Date "2016.10.05"]
[Round "?"]
[White "sentiger"]
[Black "GriffyJr"]
[Result "0-1"]
[WhiteElo "2026"]
[BlackElo "2024"]
[PlyCount "34"]
[EventDate "2016.??.??"]

1. e4 c5 2. Nf3 Nc6 3. d4 cxd4 4. Nxd4 Nf6 5. Nc3 d6 6. Be2 e5 7. Nb3 Be7 8.
Bg5 h6 9. Be3 O-O 10. f3 Be6 11. g4 Qc7 12. Qd3 Nb4 13. Qd2 d5 14. exd5 Nfxd5
15. Nxd5 Bxd5 16. O-O-O Rad8 17. Qc3 Nxa2+ 0-1

[Event "FICS rated standard game"]
[Site "FICS freechess.org"]
[Date "2016.09.29"]
[Round "?"]
[White "sentiger"]
[Black "GriffyJr"]
[Result "0-1"]
[WhiteElo "1965"]
[BlackElo "2046"]
[PlyCount "42"]
[EventDate "2016.??.??"]

1. e4 c5 2. Nf3 Nc6 3. d4 cxd4 4. Nxd4 Nf6 5. Nc3 d6 6. Be2 e5 7. Nb3 Be7 8. g4
O-O 9. g5 Ne8 10. h4 Nc7 11. Be3 f5 12. gxf6 Rxf6 13. Qd2 Rg6 14. h5 Rf6 15.
O-O-O Be6 16. Kb1 Bxb3 17. cxb3 Rc8 18. Rdg1 Kh8 19. Rg2 Ne6 20. Nd5 Rf7 21.
Rhg1 Ncd4 0-1

[Event "FICS rated standard game"]
[Site "FICS freechess.org"]
[Date "2016.09.27"]
[Round "?"]
[White "sentiger"]
[Black "GriffyJr"]
[Result "0-1"]
[WhiteElo "2033"]
[BlackElo "2008"]
[PlyCount "56"]
[EventDate "2016.??.??"]

1. e4 c5 2. Nf3 Nc6 3. d4 cxd4 4. Nxd4 Nf6 5. Nc3 d6 6. Be2 e5 7. Nb3 Be7 8.
Be3 O-O 9. f3 Be6 10. Qd2 Qd7 11. O-O-O Nb4 12. Kb1 a5 13. g4 Rfc8 14. g5 Bxb3
15. cxb3 Nh5 16. Bc4 Qh3 17. Rdf1 Qd7 18. h4 Ng3 19. Rhg1 Nxf1 20. Rxf1 Qh3 21.
a3 Rxc4 22. bxc4 Qxf1+ 23. Nd1 Nc6 24. h5 Qxf3 25. g6 hxg6 26. hxg6 Qxe4+ 27.
Ka1 Qxc4 28. gxf7+ Kxf7 0-1

[Event "Khanty-Mansiysk RUS, World Ch U14 (g)"]
[Site "Khanty-Mansiysk RUS"]
[Date "2016.09.26"]
[Round "5.22"]
[White "Ebeling, Mariela"]
[Black "Voskresenskaya, Marta"]
[Result "0-1"]
[WhiteElo "1459"]
[BlackElo "1835"]
[PlyCount "102"]
[EventDate "2016.09.22"]
[EventType "swiss"]
[EventRounds "11"]
[EventCountry "RUS"]
[SourceTitle "OM OTB B 201907"]
[Source "Opening Master"]
[SourceDate "2019.07.06"]
[SourceVersion "2"]
[SourceVersionDate "2019.07.06"]
[SourceQuality "1"]

1. e4 c5 2. Nf3 d6 3. d4 cxd4 4. Nxd4 Nf6 5. Nc3 Nc6 6. Be2 e5 7. Nf3 h6 8. h3
Be6 9. Be3 Be7 10. a3 d5 11. exd5 Nxd5 12. Nxd5 Qxd5 13. Qxd5 Bxd5 14. O-O-O
O-O-O 15. Rhg1 Kb8 16. Nd2 f5 17. f3 Be6 18. Bf2 Bg5 19. h4 Be7 20. Bd3 Rc8 21.
Rge1 Rhd8 22. Nb1 Na5 23. c3 Nb3+ 24. Kc2 Bf6 25. Nd2 Nc5 26. Bxc5 Rxc5 27. Nf1
Bxh4 28. g3 Bf6 29. Re3 Rcd5 30. Ree1 R5d6 31. Be2 Rxd1 32. Bxd1 a5 33. Kc1 Bd5
34. Ne3 Be6 35. Bc2 g6 36. Ng2 Bd5 37. Bd1 e4 38. Ne3 Bc6 39. fxe4 Bxe4 40. Nc2
Bg5+ 41. Kb1 Rd2 42. b3 h5 43. a4 Bf6 44. c4 Rd3 45. Ka2 Rxg3 46. Ne3 Bc3 47.
Nxf5 Bxe1 48. Nxg3 Bxg3 49. Kb2 h4 50. Bg4 Bf5 51. Bf3 h3 0-1

[Event "SRB-chT (Women)"]
[Site "Kragujevac"]
[Date "2016.09.25"]
[Round "4.1"]
[White "Petrenko, Svetlana"]
[Black "Prudnikova, Svetlana"]
[Result "1/2-1/2"]
[WhiteElo "2176"]
[BlackElo "2304"]
[PlyCount "56"]
[EventDate "2016.09.22"]
[EventType "team-tourn"]
[EventRounds "11"]
[EventCountry "SRB"]
[SourceTitle "OM OTB B 201907"]
[Source "Opening Master"]
[SourceDate "2019.07.06"]
[SourceVersion "2"]
[SourceVersionDate "2019.07.06"]
[SourceQuality "1"]
[WhiteTeam "Beograd Radnicki (W)"]
[BlackTeam "Jelica PEP (W)"]
[WhiteTeamCountry "SRB"]
[BlackTeamCountry "SRB"]

1. e4 c5 2. Nf3 Nc6 3. d4 cxd4 4. Nxd4 Nf6 5. Nc3 d6 6. Be2 e5 7. Nb3 Be7 8.
O-O O-O 9. f4 a5 10. a4 Nb4 11. Kh1 b6 12. Bf3 Bb7 13. Be3 Rc8 14. Rf2 Rc4 15.
Nd2 Rc8 16. Nf1 Re8 17. Ng3 Bf8 18. fxe5 Rxe5 19. Rd2 h5 20. Bd4 Re6 21. Bxf6
Rxf6 22. Bxh5 Rc5 23. Nd5 Rh6 24. Nf5 Rh7 25. Bf3 Bxd5 26. exd5 Qg5 27. g4 g6
28. c3 gxf5 1/2-1/2

[Event "Mojkovac MNE, Team Ch 2016"]
[Site "Mojkovac MNE"]
[Date "2016.09.23"]
[Round "4.6"]
[White "Popovic, Zoran"]
[Black "Mitrovic, Stevan"]
[Result "0-1"]
[WhiteElo "2163"]
[BlackElo "2093"]
[PlyCount "63"]
[EventDate "2016.09.09"]
[EventType "team-tourn"]
[EventRounds "9"]
[EventCountry "MNE"]
[SourceTitle "OM OTB B 201907"]
[Source "Opening Master"]
[SourceDate "2019.07.06"]
[SourceVersion "2"]
[SourceVersionDate "2019.07.06"]
[SourceQuality "1"]
[WhiteTeam "SK "]
[BlackTeam "SK "]

1. e4 c5 2. Nf3 Nc6 3. d4 cxd4 4. Nxd4 Nf6 5. Nc3 d6 6. Be2 e5 7. Nb3 Be7 8.
Bg5 Be6 9. Qd2 a6 10. Rd1 Qc7 11. O-O Rd8 12. Kh1 O-O 13. f4 exf4 14. Qxf4 Ne5
15. Qg3 Kh8 16. Nd4 h6 17. Bc1 Nh7 18. Nf5 Bf6 19. Rf2 Rg8 20. Bf1 Rd7 21. Ne3
Qd8 22. Nf5 Ng5 23. Rfd2 Bxf5 24. exf5 Qa5 25. Rd5 Qc7 26. h4 Nh7 27. Ne4 Qxc2
28. Nxd6 Re7 29. Bf4 Nc6 30. Re1 Rf8 31. Bd3 Rxe1+ 32. Qxe1 0-1

[Event "Khanty-Mansiysk RUS, World Ch U16 (g)"]
[Site "Khanty-Mansiysk RUS"]
[Date "2016.09.23"]
[Round "2.2"]
[White "Grigoryan, Arpine"]
[Black "Yao, Lan"]
[Result "0-1"]
[WhiteElo "1942"]
[BlackElo "2235"]
[PlyCount "100"]
[EventDate "2016.09.22"]
[EventType "swiss"]
[EventRounds "11"]
[EventCountry "RUS"]
[SourceTitle "OM OTB B 201907"]
[Source "Opening Master"]
[SourceDate "2019.07.06"]
[SourceVersion "2"]
[SourceVersionDate "2019.07.06"]
[SourceQuality "1"]

1. e4 c5 2. Nf3 d6 3. d4 cxd4 4. Nxd4 Nf6 5. Nc3 Nc6 6. Be2 e5 7. Nb3 Be7 8.
O-O O-O 9. f4 a5 10. a4 Nb4 11. Bf3 Be6 12. f5 Bc4 13. Be2 Qb6+ 14. Kh1 Qc6 15.
Bg5 Rfd8 16. Bxc4 Qxc4 17. Nd2 Qc5 18. Bxf6 Bxf6 19. Qg4 Qe3 20. Nc4 Qd4 21.
Qe2 Bg5 22. Nb5 Qc5 23. c3 d5 24. Nxe5 dxe4 25. Nxf7 Kxf7 26. cxb4 Qe7 27. Qc4+
Kf8 28. Nc7 Rdc8 29. Ne6+ Kg8 30. Qxe4 Bf6 31. Qd5 Kh8 32. b5 Bxb2 33. Rae1 Qf7
34. Qe4 Bf6 35. g4 h6 36. Rd1 Rc3 37. Rd2 Rac8 38. Nf4 R3c4 39. Qf3 Rxa4 40.
Rfd1 Rxf4 41. Qxf4 Bg5 42. Qe4 Bxd2 43. Rxd2 Re8 44. Qd4 Qb3 45. Qd3 Re1+ 46.
Kg2 Qb4 47. h3 Qc5 48. Rf2 Re3 49. Qd7 Qe5 50. Qxb7 Rg3+ 0-1

[Event "FICS rated standard game"]
[Site "FICS freechess.org"]
[Date "2016.09.20"]
[Round "?"]
[White "sentiger"]
[Black "GriffyJr"]
[Result "1-0"]
[WhiteElo "2042"]
[BlackElo "2007"]
[PlyCount "79"]
[EventDate "2016.??.??"]

1. e4 c5 2. Nf3 d6 3. d4 cxd4 4. Nxd4 Nf6 5. Nc3 Nc6 6. Be2 e5 7. Nb3 Be7 8.
Be3 O-O 9. O-O a5 10. a4 Be6 11. Bf3 Bc4 12. Re1 Qc7 13. h3 Rac8 14. g4 b6 15.
Rc1 h6 16. Qd2 Nb4 17. Na1 Qb7 18. Red1 Rc7 19. h4 Rd8 20. g5 hxg5 21. hxg5 Nh7
22. Kg2 f6 23. Nb5 Bxb5 24. axb5 Nxg5 25. Bxg5 fxg5 26. c3 Na2 27. Rc2 g4 28.
Bxg4 Qxe4+ 29. f3 Qg6 30. b3 Bg5 31. Qd5+ Kf8 32. Rxa2 Rxc3 33. Re2 Qf6 34. Nc2
Bf4 35. Rh1 Bh6 36. Rh5 Rc5 37. Qb7 Rc3 38. Rf5 Qxf5 39. Bxf5 Bf4 40. Bg6 1-0

[Event "FICS rated standard game"]
[Site "FICS freechess.org"]
[Date "2016.09.19"]
[Round "?"]
[White "NoPawnPlease"]
[Black "Triarius"]
[Result "1/2-1/2"]
[WhiteElo "2101"]
[BlackElo "2288"]
[PlyCount "50"]
[EventDate "2016.??.??"]

1. e4 c5 2. Nf3 Nc6 3. d4 cxd4 4. Nxd4 Nf6 5. Nc3 d6 6. Be2 e5 7. Nb3 Be7 8.
O-O O-O 9. Kh1 a5 10. a4 Nb4 11. f4 Be6 12. Bf3 Rc8 13. f5 Bxb3 14. cxb3 Qb6
15. Bg5 Rfd8 16. Bxf6 Bxf6 17. Be2 d5 18. exd5 Rxc3 19. bxc3 Nxd5 20. Bc4 Ne3
21. Qh5 Nxf1 22. Bxf7+ Kh8 23. Rxf1 Qe3 24. Qf3 Qxf3 25. gxf3 Rd3 1/2-1/2

[Event "St Petersburg RUS, City Ch Rapid 2016"]
[Site "St Petersburg RUS"]
[Date "2016.09.17"]
[Round "2.3"]
[White "Lintchevski, Daniil"]
[Black "Saveliev, Alexei"]
[Result "1-0"]
[WhiteElo "2522"]
[BlackElo "2392"]
[PlyCount "63"]
[EventDate "2016.09.17"]
[EventType "k.o. (rapid)"]
[EventRounds "5"]
[EventCountry "RUS"]
[SourceTitle "OM OTB B 201907"]
[Source "Opening Master"]
[SourceDate "2019.07.06"]
[SourceVersion "2"]
[SourceVersionDate "2019.07.06"]
[SourceQuality "1"]

1. e4 c5 2. Nf3 d6 3. d4 cxd4 4. Nxd4 Nf6 5. Nc3 Nc6 6. Be2 e5 7. Nf3 h6 8. O-O
Be7 9. Re1 O-O 10. h3 Be6 11. Bf1 Qd7 12. Nd5 Bd8 13. c4 Nh7 14. a3 Ng5 15. Nh2
f5 16. exf5 Bxf5 17. Be3 Ne6 18. Bd3 Ned4 19. Bxf5 Nxf5 20. Qd3 Ncd4 21. Rac1
Rc8 22. Nf1 Nxe3 23. fxe3 Ne6 24. Nd2 Nc5 25. Qg6 Qf5 26. Qxf5 Rxf5 27. Red1
Nd3 28. Rc2 Bg5 29. Ne4 Nc5 30. Nxd6 Rcf8 31. Nxf5 Rxf5 32. Rf2 1-0

[Event "St Petersburg RUS, City Ch Rapid 2016"]
[Site "St Petersburg RUS"]
[Date "2016.09.17"]
[Round "2.1"]
[White "Lintchevski, Daniil"]
[Black "Saveliev, Alexei"]
[Result "1/2-1/2"]
[WhiteElo "2522"]
[BlackElo "2392"]
[PlyCount "81"]
[EventDate "2016.09.17"]
[EventType "k.o. (rapid)"]
[EventRounds "5"]
[EventCountry "RUS"]
[SourceTitle "OM OTB B 201907"]
[Source "Opening Master"]
[SourceDate "2019.07.06"]
[SourceVersion "2"]
[SourceVersionDate "2019.07.06"]
[SourceQuality "1"]

1. e4 c5 2. Nf3 d6 3. d4 cxd4 4. Nxd4 Nf6 5. Nc3 Nc6 6. Be2 e5 7. Nf3 Be7 8.
Bg5 Be6 9. O-O O-O 10. Bxf6 Bxf6 11. Nd5 Bxd5 12. Qxd5 Rc8 13. c3 Qc7 14. Rfd1
Rfd8 15. Ne1 Qb6 16. Qb3 Qxb3 17. axb3 a6 18. Nc2 Nd4 19. Nxd4 exd4 20. c4 d3
21. Rxd3 Bxb2 22. Rad1 Be5 23. g3 g5 24. Rd5 Re8 25. Kg2 h6 26. Bg4 Rc7 27. Rf1
Rc5 28. Rd3 b5 29. cxb5 axb5 30. f4 gxf4 31. gxf4 Bg7 32. Bf5 Rc2+ 33. Kh3 Ra8
34. e5 dxe5 35. Rg3 Rc7 36. fxe5 Kh8 37. e6 fxe6 38. Bxe6 Re8 39. Bd5 Rd8 40.
Be4 b4 41. Rff3 1/2-1/2

[Event "Valasska Bystrice CZE, Open 2016"]
[Site "Valasska Bystrice CZE"]
[Date "2016.09.14"]
[Round "6.4"]
[White "Parak, Dominik"]
[Black "Jurek, Josef"]
[Result "1/2-1/2"]
[WhiteElo "2098"]
[BlackElo "2295"]
[PlyCount "97"]
[EventDate "2016.09.10"]
[EventType "swiss"]
[EventRounds "9"]
[EventCountry "CZE"]
[SourceTitle "OM OTB B 201907"]
[Source "Opening Master"]
[SourceDate "2019.07.06"]
[SourceVersion "2"]
[SourceVersionDate "2019.07.06"]
[SourceQuality "1"]

1. e4 c5 2. Nf3 d6 3. d4 cxd4 4. Nxd4 Nf6 5. Nc3 Nc6 6. Be2 e5 7. Nb3 Be7 8.
O-O O-O 9. Be3 a5 10. Nd2 d5 11. exd5 Nxd5 12. Nxd5 Qxd5 13. Nc4 Qxd1 14. Rfxd1
Be6 15. Bb6 a4 16. c3 Rfc8 17. Nd6 Bxd6 18. Rxd6 Na5 19. Rad1 Nc4 20. Bxc4 Bxc4
21. a3 h6 22. f3 Rc6 23. Rxc6 bxc6 24. Rd8+ Rxd8 25. Bxd8 f6 26. Kf2 Kf7 27.
Ke3 Ke6 28. g3 Kd5 29. Be7 h5 30. Bf8 g6 31. Be7 Ke6 32. Bd8 Kf5 33. Be7 Bb3
34. Bd8 Bd1 35. Be7 g5 36. Bd8 g4 37. fxg4+ hxg4 38. Bc7 Bc2 39. Bd6 Ke6 40.
Bc7 Kd5 41. Bd8 f5 42. Bg5 Kc4 43. Kd2 Bb1 44. Bh6 Kb3 45. Kc1 Bd3 46. Bg7 e4
47. Bh6 Bf1 48. Bf4 Ba6 49. Be3 1/2-1/2

[Event "FICS rated standard game"]
[Site "FICS freechess.org"]
[Date "2016.09.12"]
[Round "?"]
[White "mosalgazal"]
[Black "GriffySr"]
[Result "0-1"]
[WhiteElo "1929"]
[BlackElo "2220"]
[PlyCount "30"]
[EventDate "2016.??.??"]

1. e4 c5 2. Nf3 d6 3. d4 cxd4 4. Nxd4 Nf6 5. Nc3 Nc6 6. Be2 e5 7. Nb3 Be7 8.
O-O O-O 9. f4 exf4 10. Bxf4 Be6 11. Bd3 Qb6+ 12. Kh1 Ne5 13. Bxe5 dxe5 14. Qf3
Rad8 15. Rad1 Bg4 0-1

[Event "POL-chT 2nd League"]
[Site "Jastrzebia Gora"]
[Date "2016.09.10"]
[Round "8.3"]
[White "Krainski, Aleksander"]
[Black "Sabuk, Piotr"]
[Result "1-0"]
[WhiteElo "2170"]
[BlackElo "2365"]
[PlyCount "73"]
[EventDate "2016.09.03"]
[EventType "team-swiss"]
[EventRounds "9"]
[EventCountry "POL"]
[SourceTitle "OM OTB B 201907"]
[Source "Opening Master"]
[SourceDate "2019.07.06"]
[SourceVersion "2"]
[SourceVersionDate "2019.07.06"]
[SourceQuality "1"]

1. e4 c5 2. Nf3 Nc6 3. d4 cxd4 4. Nxd4 Nf6 5. Nc3 d6 6. Be2 e5 7. Nf3 Be7 8.
O-O h6 9. Re1 O-O 10. h3 a6 11. Bf1 Qc7 12. Nd5 Nxd5 13. exd5 Nb8 14. c4 a5 15.
b3 Na6 16. Bb2 Nc5 17. Qc2 Bf6 18. Nd2 Bg5 19. Ne4 Nxe4 20. Qxe4 f5 21. Qc2 b6
22. a3 f4 23. b4 f3 24. g3 Bf5 25. Qb3 e4 26. Bd4 Bf6 27. Bxf6 Rxf6 28. Rac1
axb4 29. axb4 Qd7 30. Kh2 Re8 31. Qe3 Re5 32. h4 Qd8 33. c5 dxc5 34. bxc5 bxc5
35. Rxc5 Kh8 36. Qd4 Qe7 37. d6 1-0

[Event "POL, 1st League 2016"]
[Site "Poronin POL"]
[Date "2016.09.05"]
[Round "3.5"]
[White "Raszka, Janusz"]
[Black "Robak, Zbigniew"]
[Result "1/2-1/2"]
[WhiteElo "2139"]
[BlackElo "2204"]
[PlyCount "91"]
[EventDate "2016.09.03"]
[EventType "team-swiss"]
[EventRounds "9"]
[EventCountry "POL"]
[SourceTitle "OM OTB B 201907"]
[Source "Opening Master"]
[SourceDate "2019.07.06"]
[SourceVersion "2"]
[SourceVersionDate "2019.07.06"]
[SourceQuality "1"]
[WhiteTeam "SSz GMINY PAWLOWICE"]
[BlackTeam "ZTMS Baszta Znin"]

1. e4 c5 2. Nf3 d6 3. d4 cxd4 4. Nxd4 Nf6 5. Nc3 Nc6 6. Be2 e5 7. Nb3 Be7 8.
O-O a5 9. Be3 O-O 10. Nd2 d5 11. exd5 Nb4 12. Nc4 Nfxd5 13. Nxd5 Nxd5 14. Nxe5
Nxe3 15. Qxd8 Bxd8 16. fxe3 Bf6 17. Nc4 Be6 18. c3 b5 19. Nd6 b4 20. Ne4 Be7
21. Rfd1 Rfd8 22. Kf2 Rxd1 23. Bxd1 f5 24. Nd2 Bf6 25. Bb3 Bxb3 26. Nxb3 bxc3
27. bxc3 Rc8 28. Rc1 Rxc3 29. Rxc3 Bxc3 30. Ke2 Kf7 31. Kd3 Be1 32. a4 Kf6 33.
Nd4 g5 34. Nc2 Bf2 35. Kc4 Bg1 36. h3 Ke5 37. Kb5 f4 38. exf4+ Kxf4 39. Kxa5
Kg3 40. Ne1 h5 41. Kb5 Bf2 42. Nf3 Be3 43. Ne1 Bd2 44. Nf3 Be3 45. Ne1 Bd2 46.
Nf3 1/2-1/2

[Event "FICS rated standard game"]
[Site "FICS freechess.org"]
[Date "2016.08.30"]
[Round "?"]
[White "ScottStapp"]
[Black "LTUS"]
[Result "0-1"]
[WhiteElo "2107"]
[BlackElo "2150"]
[PlyCount "70"]
[EventDate "2016.??.??"]

1. e4 c5 2. Nf3 d6 3. d4 cxd4 4. Nxd4 Nf6 5. Nc3 Nc6 6. Be2 e5 7. Ndb5 a6 8.
Na3 b5 9. Nd5 Nxe4 10. Bf3 f5 11. Bxe4 fxe4 12. Qh5+ g6 13. Qg5 Be6 14. Nf6+
Kf7 15. Nxe4 Be7 16. Qg3 b4 17. Ng5+ Bxg5 18. Bxg5 Qc8 19. Qf3+ Kg8 20. O-O-O
bxa3 21. Rxd6 axb2+ 22. Kb1 Nd4 23. Rxd4 exd4 24. Bf6 Rb8 25. Re1 Bxa2+ 26.
Kxa2 Qe6+ 27. Ka3 Qxe1 28. Qd5+ Kf8 29. Qd6+ Kf7 30. Qc7+ Kxf6 31. Qd6+ Qe6 32.
Qf4+ Qf5 33. Qd6+ Kg7 34. Qxd4+ Qf6 35. Qd7+ Kf8 0-1